Statistiques concernant Rappeurs français par description #2

Cliquez ici pour prendre le quiz!

Statistiques générales

  • Ce quiz a été pris 356 fois
  • Le résultat moyen est 6 sur 15

Statistiques - réponses

DescriptionRappeur% Correct
Rappeur et acteur français d'origine guyanaise, il s'est fait connaître du grand public grâce à sa participation à la série télévisée "Validé" où il interprète le rôle principal d'un jeune rappeur en quête de succès. Il est reconnu pour sa polyvalence artistique, passant du rap conscient au rap plus festif.Hatik
85%
Duo composé de deux frères. Un de leur clip, sorti en 2019, ayant coûté environ 400 000€, a remporté le trophée des Victoires de la musique dans la catégorie Création Audiovisuelle.PNL
81%
Duo composé de deux frères qui se sont fait connaître grâce aux rap contenders avant de sortir leur premier album. Ils sont souvent critiqués sur le côté trop "doux" et "enfantin" de leur rap mais ont tout de même un large public de fidèles.Bigflo et Oli
69%
Considéré comme l'une des figures emblématiques du rap français, ayant marqué la scène hip-hop depuis les années 1990, il s'est fait connaître en tant que membre du groupe de rap Lunatic avant de poursuivre une carrière solo prolifique. Son style musical est caractérisé par des textes crus et percutants, un flow incisif et des productions musicales innovantes. Récemment, c'est pour ses frasques sur les réseaux sociaux qu'on entend le plus parler de lui.Booba
67%
Il s'est fait connaître dans le milieu du rap grâce à son appartenance à différents collectifs tels que L'Entourage et 1995, avant de poursuivre une carrière solo prolifique. Reconnu pour ses textes riches et poétiques, parfois mélodiques, il a aussi été vu au cinéma avec Catherine Deneuve.Nekfeu
62%
Né en Guinée en 1998 et mort des suites d'une grave crise d'asthme en 2022, c'était un rappeur original et talentueux, très inspiré par l'univers de la saga Star Wars. Étoile montante, c'est sur YouTube qu’il avait commencé avant de s’imposer sur la scène française du rap.Luv Resval
61%
rappeur français originaire de La Courneuve, en région parisienne. Il s'est fait connaître dans le milieu du rap grâce à son style musical singulier, mêlant des influences de trap, de cloud rap et de drill. Il est reconnu pour ses textes incisifs. Tellement incisifs qu'il ont suscité des controverses en raison de certaines paroles et références jugées offensantes, ce qui a également attiré l'attention médiatique sur sa musique et ses messages.Freeze Corleone
54%
En 2000 il fait son premier braquage et multiplie les condamnations jusqu'en 2001, date de sa première incarcération. Il y retournera à trois reprises en 2002, 2003, puis 2009 à la maison d'arrêt de la Santé. À sa sortie de prison, il s'installe à Marseille où il décide de se lancer dans une carrière musicale. Il fait ses débuts par le biais de featuring sur des titres de Mister You. Son style de rap assez saccadé, parfois rapide et souvent puissant, profite aussi de sa voix grave. Parsemés de punchlines, ses textes se concentrent sur son expérience et ce qu'il qualifie de vie de la rue.Lacrim
47%
Rappeur et producteur franco-algérien. Il est l’un des fondateurs du collectif Mafia K'1 Fry, qui regroupe des artistes originaires du Val-de-Marne, et aussi un membre du groupe 113, au sein duquel il aura un grand succès dans les années 2000.Rim'K
41%
De son vrai nom Kais Ben Baccar, il est l'auteur d'une série de freestyles appelés "Acharné" et "Vérité".ISK
32%
Rappeuse franco-malgache repérée par les Bigflo et Oli, elle est ensuite invitée sur Planète Rap en 2016, où elle se fait remarquer par le producteur Tefa. Il la signe aussitôt, ce qui lui permet de collaborer auprès d'artistes comme Kery James et Fianso.Chilla
15%
De son vrai nom Emmanuel Sow, il publie ses premières chansons sur TikTok et gagne très rapidement en popularité en 2023. En octobre de cette même année il dévoile son deuxième album de neuf titres permettant de capter amplement tout son potentiel et sa large palette musicale. Son univers est vaste et varié.Yamê
13%
Groupe de rap français atypique, formé en 2000 par Julien Barthelemy, Stéphane Bellenger et Jean-Paul Michel, leur style musical est un mélange unique de rap, de rock, d'électro et de diverses influences musicales, créant ainsi un univers décalé et fantasque. Les membres du groupe incarnent des personnages fictifs qui évoluent dans un monde imaginaire complexe où se mêlent absurde, humour noir et critique sociale.Stupeflip
11%
Rappeur français originaire de Lyon, il est membre du collectif de rap L'Animalerie, connu pour ses textes poétiques, techniques, profonds et engagés. Il se distingue par son style introspectif et ses jeux de mots subtils. Il est également reconnu pour ses collaborations avec d'autres artistes de la scène rap francophone, contribuant ainsi à enrichir le paysage musical du rap en France.Anton Serra
1%
Membre actif du collectif Polychrome 7, est également producteur et membre du collectif "Le Klub des 7", connu pour ses productions underground et son engagement dans la scène hip-hop indépendante. Il se distingue par son style de rap conscient, apprécié pour son authenticité, sa sincérité et son implication dans la culture hip-hop underground.Furax Barbarossa
1%

Distribution des résultats

Percentile par nombre de réponses

% des personnes avec chaque résultat

Votre développement - résultats

Vous n’avez pas pris ce quiz